Capitalism in America <A> History
Saved in:
| Main Author: | |
|---|---|
| Other Authors: | |
| Format: | Book |
| Language: | English |
| Published: |
London
Allen Lane/Penguin Books
2018
|
| Edition: | 1st Edition |
| Subjects: | |
| Tags: |
No Tags, Be the first to tag this record!
|
MARC
| LEADER | 00000nam a2200000 4500 | ||
|---|---|---|---|
| 001 | 0277293 | ||
| 005 | 20240221112614.7 | ||
| 020 | |a 978-0-241-36590-8 | ||
| 041 | 0 | |a eng | |
| 044 | |a GB | ||
| 245 | 1 | 0 | |a Capitalism in America |b <A> History |c Alan Greenspan and Adrian Wooldridge |
| 250 | |a 1st Edition | ||
| 264 | 1 | |a London |b Allen Lane/Penguin Books |c 2018 | |
| 300 | |a 486 s. | ||
| 610 | 2 | 0 | |a kapitalizmus |
| 610 | 2 | 0 | |a vývoj |
| 610 | 2 | 0 | |a systémy ekonomické |
| 610 | 2 | 0 | |a história |
| 610 | 2 | 0 | |a Amerika |
| 100 | 1 | |a Greenspan, Alan | |
| 700 | 1 | |a Wooldridge, Adrian | |